Lettere a mia figlia sul senso della vita (Record n. 336703)

Dettagli MARC
000 -LEADER
campo di controllo lung. fissa nam a22 7a 4500
003 - Identificatore del numero di controllo
campo di controllo IT-MiCISF
005 - Data e orario dell'ultima transazione
campo di controllo 20170531143734.0
008 - Elementi di lunghezza fissa--Informazione generale
campo di controllo lung. fissa 170531b xxu||||| |||| 00| 0 eng d
040 ## - Fonte della catalogazione
Agenzia che fa la trascrizione IT-MiCISF
041 ## - Codice di lingua
Codice di lingua del testo/traccia sonora o titolo separato it
100 ## - Accesso principale -- nome di persona
Nome di persona McManamy Heather
9 (RLIN) 56501
245 ## - Formulazione del titolo
Titolo Lettere a mia figlia sul senso della vita
260 ## - Pubblicazione, distribuzione, ecc. (stampa)
Luogo di pubblicazione, distribuzione, ecc. Milano
Nome dell'editore, distributore, ecc. Cairo
Data di pubblicazione, distribuzione, ecc. 2016
300 ## - Descrizione fisica
Estensione pp. 187
500 ## - Nota generale
Nota generale famiglia, malato-in-famiglia, malato-oncologico, madre, esperienze
520 ## - Riassunto, ecc.
Nota di riassunto, ecc. Heather ha trentatré anni, un marito speciale e una bambina meravigliosa, una bella casa e un lavoro che le piace: una vita perfetta. Poi un giorno, all’improvviso, le viene diagnosticato un tumore al seno, stadio IV: due anni da vivere, al massimo. Assorbito lo choc iniziale, il suo primo pensiero è per la figlia Brianna, quattro anni, a tutto quello che deve ancora dirle. È così che le viene un’idea: per tutti i momenti fondamentali come il primo giorno di scuola, la prima cotta, la patente, la laurea, il matrimonio, un successo ma anche solo una giornataccia, Brianna troverà una lettera colorata di sua madre ad aspettarla. Lettere intense, vere, emozionanti, che sono raccolte qui, insieme ai pensieri sull’amore, sulla speranza, sulla vita, sul senso ultimo delle cose. Un regalo prezioso per la piccola Brianna, per il marito Jeff, per gli amici, per la famiglia e per tutti i lettori, per imparare a vivere ogni minuto, ogni ora, ogni giorno con pienezza, gratitudine e allegria.<br/><br/>
650 ## - Accesso aggiunto di soggetto--termine topico
Termine topico o nome geografico come accesso famiglia
9 (RLIN) 56036
654 ## - Accesso aggiunto di soggetto--termini topici faccettati
Termine principale testimonianza
700 ## - Accesso aggiunto--nome di persona
Nome di persona Croyle W.
9 (RLIN) 56502
942 ## - Dati aggiuntivi (Koha)
Fonte della classificazione o dello schema di collocazione (segnatura) Dewey Decimal Classification
Tipo copia default (Koha) LIBRO
Dati di copia
Ritirato (status) Perso (status) Fonte della classificazione o dello schema di collocazione (segnatura) Danneggiato (status) Non per il presito Biblioteca proprietaria Biblioteca in cui si trova Data d'acquisizione Totale prestiti Collocazione Codice a barre Data ultima operazione Prezzo in vigore dal Tipo copia default (Koha)
    Dewey Decimal Classification Buone Condizioni Not For Loan CISF - Milano CISF - Milano 31/05/2017   a2230 9788860527417 31/05/2017 31/05/2017 LIBRO
CREDITS: SOCIETA' SAN PAOLO Via A.Severo, 58 - ROMA (RM) & PERIODICI SAN PAOLO SRL Via Giotto, 36 MILANO & CISF Via Giotto, 36 MILANO & EDIZIONI SAN PAOLO SRL,  Piazza Soncino, 5 CINISELLO BALSAMO (MI) -- ITALY